[Event "FIDE Women World Blitz 2021"]
[Site "Warsaw"]
[Date "2021.12.30"]
[Round "16.19"]
[White "Balajayeva, Khanim"]
[Black "Muzychuk, Mariya"]
[Result "0-1"]
[WhiteElo "2369"]
[BlackElo "2536"]
[Annotator "ChessBase"]
[PlyCount "100"]
[EventDate "2021.12.29"]
[EventType "swiss"]
[EventCountry "POL"]
[Tiebreak "Cut1 Buchholz"]
[SourceTitle "playchess.com"]
[Source "ChessBase"]
[SourceQuality "1"]
[TimeControl "180+2"]

1. e4 {[%emt 0:00:01]} c5 {[%emt 0:00:00]} 2. c3 {[%emt 0:00:00]} Nf6 {[%emt 0:
00:02]} 3. e5 {[%emt 0:00:01]} Nd5 {[%emt 0:00:01]} 4. Nf3 {[%emt 0:00:01]} Nc6
{[%emt 0:00:02]} 5. d4 {[%emt 0:00:00]} cxd4 {[%emt 0:00:01]} 6. Bc4 {[%emt 0:
00:01]} Nb6 {[%emt 0:00:04]} 7. Bb3 d5 {[%emt 0:00:03]} 8. exd6 {[%emt 0:00:01]
} Qxd6 {[%emt 0:00:01]} 9. O-O {[%emt 0:00:03]} Be6 {[%emt 0:00:02]} 10. Na3 {
[%emt 0:00:09]} dxc3 {[%emt 0:00:17]} 11. Qe2 {[%emt 0:00:02]} Bxb3 {[%emt 0:
00:14]} 12. Nb5 {[%emt 0:00:00]} Qb8 {[%emt 0:00:08]} 13. axb3 {[%emt 0:00:02]}
g6 {[%emt 0:00:08]} 14. Be3 {[%emt 0:00:11]} Nc8 {[%emt 0:00:06]} 15. Ra4 {
[%emt 0:00:03]} Bg7 {[%emt 0:00:14]} 16. Bf4 {[%emt 0:00:11]} e5 {[%emt 0:00:
01]} 17. Nxe5 {[%emt 0:00:13]} Nxe5 {[%emt 0:00:13]} 18. Bxe5 {[%emt 0:00:10]}
Bxe5 {[%emt 0:00:07]} 19. Re4 {[%emt 0:00:01]} O-O {[%emt 0:00:05]} 20. Rxe5 {
[%emt 0:00:01]} cxb2 {[%emt 0:00:20]} 21. Re3 {[%emt 0:00:32]} Nd6 {[%emt 0:00:
27]} 22. Nd4 {[%emt 0:00:03]} Qd8 {[%emt 0:00:15]} 23. Qxb2 {[%emt 0:00:05]}
Qf6 {[%emt 0:00:00]} 24. Qa1 {[%emt 0:00:37]} Rfd8 {[%emt 0:00:09]} 25. Rf3 {
[%emt 0:00:11]} Qg7 {[%emt 0:00:08]} 26. Qa4 {[%emt 0:00:00]} a6 {[%emt 0:00:
21]} 27. Ne2 {[%emt 0:00:03]} Rac8 {[%emt 0:00:02]} 28. h3 {[%emt 0:00:05]} Nf5
{[%emt 0:00:01]} 29. Qb4 {[%emt 0:00:05]} Rd7 {[%emt 0:00:04]} 30. Ng3 {
[%emt 0:00:22]} Nd4 {[%emt 0:00:03]} 31. Rf4 {[%emt 0:00:11]} Rcd8 {[%emt 0:00:
00]} 32. Kh2 {[%emt 0:00:04]} h5 {[%emt 0:00:02]} 33. Rc1 {[%emt 0:00:14]} Qh6
{[%emt 0:00:07]} 34. Rxd4 {[%emt 0:00:04]} Rxd4 {[%emt 0:00:00]} 35. Rc4 {
[%emt 0:00:01]} Rxc4 {[%emt 0:00:02]} 36. bxc4 {[%emt 0:00:01]} Qf4 {[%emt 0:
00:05]} 37. Qe7 {[%emt 0:00:02]} Rf8 {[%emt 0:00:04]} 38. Kg1 {[%emt 0:00:01]}
Qxc4 {[%emt 0:00:02]} 39. Ne4 {[%emt 0:00:01]} Qc1+ {[%emt 0:00:02]} 40. Kh2 {
[%emt 0:00:01]} Qf4+ 41. g3 Qf3 {[%emt 0:00:04]} 42. Kg1 {[%emt 0:00:07]} Kg7 {
[%emt 0:00:05]} 43. Qe5+ {[%emt 0:00:04]} f6 {[%emt 0:00:02]} 44. Qe6 {[%emt 0:
00:03]} Qf5 {[%emt 0:00:04]} 45. Qc4 {[%emt 0:00:02]} Rd8 {[%emt 0:00:03]} 46.
Qb4 {[%emt 0:00:04]} Qd7 {[%emt 0:00:02]} 47. Nc5 {[%emt 0:00:04]} Qe7 {
[%emt 0:00:01]} 48. Qb6 {[%emt 0:00:02]} Rd1+ {[%emt 0:00:03]} 49. Kg2 {
[%emt 0:00:02]} Re1 {[%emt 0:00:02]} 50. Qb4 {[%emt 0:00:12]} Re5 {[%emt 0:00:
02]} 0-1

[Event "FIDE Women World Blitz 2021"]
[Site "Warsaw"]
[Date "2021.12.30"]
[Round "16.20"]
[White "Semenova, Elena"]
[Black "Muetsch, Annmarie"]
[Result "0-1"]
[WhiteElo "2233"]
[BlackElo "2279"]
[Annotator "NA"]
[PlyCount "115"]
[EventDate "2021.12.29"]
[EventType "swiss"]
[EventCountry "POL"]
[Tiebreak "Cut1 Buchholz"]
[SourceTitle "playchess.com"]
[Source "ChessBase"]
[SourceQuality "1"]
[TimeControl "180+2"]

1. e4 {[%emt 0:00:00]} d6 {[%emt 0:00:01]} 2. d4 {[%emt 0:00:01]} Nf6 {[%emt 0:
00:02]} 3. Nc3 Nbd7 {[%emt 0:00:00]} 4. f4 {[%emt 0:00:01]} e5 {[%emt 0:00:02]}
5. dxe5 {[%emt 0:00:02]} dxe5 {[%emt 0:00:01]} 6. fxe5 {[%emt 0:00:01]} Nxe5 {
[%emt 0:00:01]} 7. Qxd8+ {[%emt 0:00:01]} Kxd8 {[%emt 0:00:01]} 8. Nf3 {
[%emt 0:00:01]} Bd6 {[%emt 0:00:08]} 9. Bc4 {[%emt 0:00:03]} Ke7 {[%emt 0:00:
04]} 10. Bg5 {[%emt 0:00:03]} c6 {[%emt 0:00:02]} 11. O-O-O {[%emt 0:00:03]}
Nxc4 {[%emt 0:00:09]} 12. e5 {[%emt 0:00:13]} Bxe5 {[%emt 0:00:22]} 13. Rhe1 {
[%emt 0:00:25]} Ke6 {[%emt 0:00:28]} 14. Nd4+ {[%emt 0:00:04]} Ke7 {[%emt 0:00:
01]} 15. Nf3 {[%emt 0:00:03]} Be6 {[%emt 0:00:27]} 16. Nxe5 {[%emt 0:00:05]}
Nxe5 {[%emt 0:00:01]} 17. Rxe5 {[%emt 0:00:01]} Rhd8 {[%emt 0:00:11]} 18. Rf1 {
[%emt 0:00:10]} h6 {[%emt 0:00:14]} 19. Bxf6+ {[%emt 0:00:21]} gxf6 {[%emt 0:
00:01]} 20. Rh5 {[%emt 0:00:01]} Rg8 {[%emt 0:00:05]} 21. g3 {[%emt 0:00:01]}
Rg6 {[%emt 0:00:01]} 22. Rf4 {[%emt 0:00:09]} Bg4 {[%emt 0:00:11]} 23. Rh4 {
[%emt 0:00:15]} h5 {[%emt 0:00:01]} 24. h3 {[%emt 0:00:11]} Be6 {[%emt 0:00:01]
} 25. Ne2 {[%emt 0:00:11]} Rg5 {[%emt 0:00:04]} 26. Rf3 {[%emt 0:00:08]} Bd5 {
[%emt 0:00:11]} 27. Re3+ {[%emt 0:00:02]} Kd6 {[%emt 0:00:09]} 28. Nf4 {
[%emt 0:00:02]} Rag8 {[%emt 0:00:11]} 29. Nxh5 {[%emt 0:00:02]} R8g6 {[%emt 0:
00:17]} 30. c4 {[%emt 0:00:11]} Be6 {[%emt 0:00:05]} 31. b4 {[%emt 0:00:05]}
Rh6 {[%emt 0:00:04]} 32. Rd4+ {[%emt 0:00:08]} Ke7 {[%emt 0:00:04]} 33. g4 {
[%emt 0:00:02]} Re5 {[%emt 0:00:05]} 34. Rde4 {[%emt 0:00:22]} Kd6 {[%emt 0:00:
09]} 35. Kd2 {[%emt 0:00:07]} Rxe4 {[%emt 0:00:04]} 36. Rxe4 {[%emt 0:00:02]}
f5 {[%emt 0:00:01]} 37. gxf5 {[%emt 0:00:13]} Bxf5 {[%emt 0:00:02]} 38. c5+ {
[%emt 0:00:15]} Kd5 {[%emt 0:00:03]} 39. Rh4 {[%emt 0:00:02]} Ke5 {[%emt 0:00:
03]} 40. Ke3 {[%emt 0:00:05]} Bg6 {[%emt 0:00:01]} 41. Rd4 {[%emt 0:00:05]}
Rxh5 {[%emt 0:00:02]} 42. Rd7 {[%emt 0:00:01]} Rxh3+ {[%emt 0:00:01]} 43. Kd2 {
[%emt 0:00:01]} Rh2+ {[%emt 0:00:02]} 44. Kc3 {[%emt 0:00:01]} Rxa2 {[%emt 0:
00:05]} 45. Rxb7 {[%emt 0:00:01]} f6 {[%emt 0:00:02]} 46. Rc7 {[%emt 0:00:01]}
Be4 {[%emt 0:00:02]} 47. Re7+ {[%emt 0:00:01]} Kf4 {[%emt 0:00:02]} 48. Kd4 {
[%emt 0:00:01]} Rd2+ {[%emt 0:00:01]} 49. Kc3 {[%emt 0:00:00]} Rd3+ {[%emt 0:
00:02]} 50. Kc4 Ra3 {[%emt 0:00:02]} 51. Rf7 {[%emt 0:00:09]} f5 {[%emt 0:00:
01]} 52. Kd4 {[%emt 0:00:00]} Rd3+ {[%emt 0:00:03]} 53. Kc4 {[%emt 0:00:01]}
Bd5+ {[%emt 0:00:01]} 54. Kxd3 {[%emt 0:00:01]} Bxf7 {[%emt 0:00:01]} 55. Kd4 {
[%emt 0:00:03]} a6 {[%emt 0:00:02]} 56. Kd3 {[%emt 0:00:02]} Bd5 {[%emt 0:00:
01]} 57. Kd4 {[%emt 0:00:01]} Kg3 {[%emt 0:00:01]} 58. Ke5 {[%emt 0:00:00]} 0-1

[Event "FIDE Women World Blitz 2021"]
[Site "Warsaw"]
[Date "2021.12.30"]
[Round "16.21"]
[White "Fernandez, Maria Florencia"]
[Black "Danielian, Elina"]
[Result "0-1"]
[WhiteElo "2184"]
[BlackElo "2450"]
[Annotator "ChessBase"]
[PlyCount "132"]
[EventDate "2021.12.29"]
[EventType "swiss"]
[EventCountry "POL"]
[Tiebreak "Cut1 Buchholz"]
[SourceTitle "playchess.com"]
[Source "ChessBase"]
[SourceQuality "1"]
[TimeControl "180+2"]

1. d4 {[%emt 0:00:02]} Nf6 {[%emt 0:00:01]} 2. c4 {[%emt 0:00:02]} e6 {[%emt 0:
00:01]} 3. Nf3 {[%emt 0:00:01]} c5 {[%emt 0:00:00]} 4. d5 {[%emt 0:00:01]} exd5
{[%emt 0:00:01]} 5. cxd5 {[%emt 0:00:01]} Bd6 {[%emt 0:00:01]} 6. Nc3 {[%emt 0:
00:01]} Bc7 {[%emt 0:00:01]} 7. e4 {[%emt 0:00:02]} d6 {[%emt 0:00:00]} 8. Bd3
{[%emt 0:00:02]} O-O {[%emt 0:00:02]} 9. O-O {[%emt 0:00:02]} a6 10. a4 {
[%emt 0:00:01]} Nbd7 {[%emt 0:00:02]} 11. h3 {[%emt 0:00:12]} Re8 {[%emt 0:00:
02]} 12. Nd2 {[%emt 0:00:05]} Rb8 {[%emt 0:00:01]} 13. f4 {[%emt 0:00:07]} Nf8
{[%emt 0:00:07]} 14. Qf3 {[%emt 0:00:06]} h5 {[%emt 0:00:41]} 15. Re1 {[%emt 0:
00:33]} Ng6 {[%emt 0:00:06]} 16. Nf1 {[%emt 0:00:12]} Bd7 {[%emt 0:00:31]} 17.
Ng3 {[%emt 0:00:09]} h4 {[%emt 0:00:06]} 18. Nh5 {[%emt 0:00:03]} b5 {[%emt 0:
00:06]} 19. axb5 {[%emt 0:00:08]} axb5 {[%emt 0:00:01]} 20. Nxf6+ Qxf6 {
[%emt 0:00:01]} 21. e5 {[%emt 0:00:29]} dxe5 {[%emt 0:00:09]} 22. Ne4 {[%emt 0:
00:01]} Qb6 {[%emt 0:00:09]} 23. f5 {[%emt 0:00:06]} Nf4 {[%emt 0:00:07]} 24.
Bxf4 {[%emt 0:00:10]} exf4 {[%emt 0:00:02]} 25. Kh1 {[%emt 0:00:16]} Bxf5 {
[%emt 0:00:12]} 26. Ng5 {[%emt 0:00:18]} Qg6 {[%emt 0:00:07]} 27. Bxf5 {
[%emt 0:00:06]} Qxf5 {[%emt 0:00:07]} 28. Ne4 {[%emt 0:00:04]} Be5 {[%emt 0:00:
07]} 29. Rad1 {[%emt 0:00:06]} Rbd8 {[%emt 0:00:15]} 30. Nxc5 {[%emt 0:00:02]}
Bxb2 {[%emt 0:00:03]} 31. Rxe8+ {[%emt 0:00:02]} Rxe8 {[%emt 0:00:01]} 32. Ne4
{[%emt 0:00:07]} Qxe4 {[%emt 0:00:04]} 33. Qb3 {[%emt 0:00:02]} Bf6 {[%emt 0:
00:08]} 34. Qxb5 {[%emt 0:00:05]} f3 {[%emt 0:00:02]} 35. Qf1 {[%emt 0:00:17]}
fxg2+ {[%emt 0:00:03]} 36. Qxg2 {[%emt 0:00:00]} Qxg2+ {[%emt 0:00:03]} 37.
Kxg2 {[%emt 0:00:01]} Be5 {[%emt 0:00:03]} 38. Kf3 {[%emt 0:00:01]} f5 {
[%emt 0:00:03]} 39. Re1 {[%emt 0:00:06]} Kf7 {[%emt 0:00:02]} 40. Rb1 {[%emt 0:
00:02]} Bd6 {[%emt 0:00:04]} 41. Rb6 {[%emt 0:00:04]} Rd8 {[%emt 0:00:03]} 42.
Ra6 {[%emt 0:00:05]} Kf6 {[%emt 0:00:03]} 43. Ra4 {[%emt 0:00:01]} g5 {[%emt 0:
00:01]} 44. Ra7 {[%emt 0:00:03]} Ke5 {[%emt 0:00:04]} 45. Rg7 {[%emt 0:00:03]}
Kxd5 {[%emt 0:00:09]} 46. Rxg5 {[%emt 0:00:00]} Ke6 {[%emt 0:00:02]} 47. Rh5 {
[%emt 0:00:03]} Bg3 {[%emt 0:00:02]} 48. Rh6+ {[%emt 0:00:03]} Ke5 {[%emt 0:00:
01]} 49. Ra6 {[%emt 0:00:00]} Rd3+ {[%emt 0:00:01]} 50. Ke2 {[%emt 0:00:01]}
Rb3 {[%emt 0:00:01]} 51. Ra4 {[%emt 0:00:03]} Rb2+ {[%emt 0:00:03]} 52. Kf3 {
[%emt 0:00:01]} Rf2+ {[%emt 0:00:02]} 53. Ke3 {[%emt 0:00:01]} f4+ {[%emt 0:00:
02]} 54. Kd3 f3 {[%emt 0:00:04]} 55. Ra5+ {[%emt 0:00:03]} Kf6 {[%emt 0:00:03]}
56. Ke4 {[%emt 0:00:01]} Kg6 {[%emt 0:00:05]} 57. Ra6+ {[%emt 0:00:01]} Kg7 {
[%emt 0:00:04]} 58. Ra7+ {[%emt 0:00:01]} Kf6 {[%emt 0:00:01]} 59. Ra6+ {
[%emt 0:00:01]} Ke7 {[%emt 0:00:01]} 60. Ra7+ {[%emt 0:00:03]} Ke6 {[%emt 0:00:
03]} 61. Ra6+ {[%emt 0:00:01]} Bd6 {[%emt 0:00:01]} 62. Ra8 {[%emt 0:00:05]}
Rf1 {[%emt 0:00:03]} 63. Re8+ {[%emt 0:00:08]} Kd7 {[%emt 0:00:02]} 64. Rg8 {
[%emt 0:00:03]} f2 {[%emt 0:00:03]} 65. Ke3 {[%emt 0:00:03]} Bc5+ {[%emt 0:00:
02]} 66. Kf3 {[%emt 0:00:02]} Rg1 {[%emt 0:00:03]} 0-1

[Event "FIDE Women World Blitz 2021"]
[Site "Warsaw"]
[Date "2021.12.30"]
[Round "16.22"]
[White "Majdan, Joanna"]
[Black "Dworakowska, Joanna"]
[Result "1-0"]
[WhiteElo "2325"]
[BlackElo "2228"]
[Annotator "NA"]
[PlyCount "87"]
[EventDate "2021.12.29"]
[EventType "swiss"]
[EventCountry "POL"]
[Tiebreak "Cut1 Buchholz"]
[SourceTitle "playchess.com"]
[Source "ChessBase"]
[SourceQuality "1"]
[TimeControl "180+2"]

1. e4 {[%emt 0:00:01]} c5 {[%emt 0:00:02]} 2. Nc3 {[%emt 0:00:01]} d6 {[%emt 0:
00:01]} 3. g3 {[%emt 0:00:01]} g6 {[%emt 0:00:01]} 4. Bg2 {[%emt 0:00:01]} Bg7
{[%emt 0:00:01]} 5. Nge2 {[%emt 0:00:02]} Nc6 {[%emt 0:00:04]} 6. d3 {[%emt 0:
00:01]} Nf6 {[%emt 0:00:10]} 7. h3 {[%emt 0:00:05]} Rb8 {[%emt 0:00:02]} 8. Be3
{[%emt 0:00:03]} O-O {[%emt 0:00:06]} 9. d4 {[%emt 0:00:08]} cxd4 {[%emt 0:00:
02]} 10. Nxd4 {[%emt 0:00:01]} Ne5 {[%emt 0:00:30]} 11. Qe2 {[%emt 0:00:04]} a6
{[%emt 0:00:39]} 12. f4 {[%emt 0:00:02]} Nc6 {[%emt 0:00:01]} 13. Nb3 {[%emt 0:
00:05]} Bd7 {[%emt 0:00:21]} 14. O-O {[%emt 0:00:03]} b5 {[%emt 0:00:02]} 15.
a4 {[%emt 0:00:05]} b4 {[%emt 0:00:02]} 16. Nd5 {[%emt 0:00:01]} a5 {[%emt 0:
00:16]} 17. f5 {[%emt 0:00:13]} Nxd5 {[%emt 0:00:08]} 18. exd5 {[%emt 0:00:02]}
Ne5 {[%emt 0:00:01]} 19. Nd4 {[%emt 0:00:06]} Rc8 {[%emt 0:00:09]} 20. b3 {
[%emt 0:00:03]} Rc3 {[%emt 0:00:08]} 21. Kh2 {[%emt 0:00:08]} Qc8 {[%emt 0:00:
17]} 22. g4 {[%emt 0:00:28]} Kh8 {[%emt 0:00:10]} 23. Rad1 {[%emt 0:00:04]}
gxf5 {[%emt 0:00:03]} 24. gxf5 {[%emt 0:00:01]} Bf6 {[%emt 0:00:01]} 25. Be4 {
[%emt 0:00:06]} Rg8 {[%emt 0:00:11]} 26. Rg1 {[%emt 0:00:01]} Rxg1 {[%emt 0:00:
04]} 27. Rxg1 {[%emt 0:00:01]} Qf8 {[%emt 0:00:05]} 28. Bd2 {[%emt 0:00:10]}
Rc8 {[%emt 0:00:02]} 29. Qh5 {[%emt 0:00:08]} Re8 {[%emt 0:00:05]} 30. Bh6 {
[%emt 0:00:01]} Qg8 {[%emt 0:00:02]} 31. Rxg8+ {[%emt 0:00:02]} Rxg8 {[%emt 0:
00:01]} 32. Nf3 {[%emt 0:00:10]} Nxf3+ {[%emt 0:00:03]} 33. Qxf3 {[%emt 0:00:
02]} Be5+ {[%emt 0:00:02]} 34. Bf4 {[%emt 0:00:01]} Bf6 {[%emt 0:00:01]} 35.
Qd3 {[%emt 0:00:03]} Bc8 {[%emt 0:00:04]} 36. Qb5 {[%emt 0:00:01]} h5 {[%emt 0:
00:04]} 37. Qxa5 {[%emt 0:00:01]} h4 {[%emt 0:00:03]} 38. Qc7 {[%emt 0:00:02]}
Ba6 {[%emt 0:00:02]} 39. Bd3 {[%emt 0:00:01]} Bc8 {[%emt 0:00:02]} 40. a5 {
[%emt 0:00:01]} Bd4 {[%emt 0:00:03]} 41. Qxe7 {[%emt 0:00:06]} Bg1+ {[%emt 0:
00:10]} 42. Kh1 {[%emt 0:00:01]} Bd4 {[%emt 0:00:01]} 43. Qxh4+ {[%emt 0:00:02]
} Kg7 {[%emt 0:00:00]} 44. Qh6# {[%emt 0:00:06]} 1-0

[Event "FIDE Women World Blitz 2021"]
[Site "Warsaw"]
[Date "2021.12.30"]
[Round "16.23"]
[White "Vantika Agrawal"]
[Black "Pavlidou, Ekaterini"]
[Result "1/2-1/2"]
[WhiteElo "2329"]
[BlackElo "2177"]
[Annotator "NA"]
[PlyCount "127"]
[EventDate "2021.12.29"]
[EventType "swiss"]
[EventCountry "POL"]
[Tiebreak "Cut1 Buchholz"]
[SourceTitle "playchess.com"]
[Source "ChessBase"]
[SourceQuality "1"]

1. Nf3 c5 2. g3 Nc6 3. Bg2 e5 4. d3 g6 5. c4 Bg7 6. O-O d6 7. Nc3 Nge7 8. a3 a5
9. Rb1 O-O 10. Ne1 Be6 11. Nc2 h6 12. Ne3 f5 13. Ned5 Rb8 14. Bd2 g5 15. b4
axb4 16. axb4 b6 17. b5 Na7 18. Ra1 Nac8 19. Ra6 Ng6 20. Na4 Bxd5 21. Bxd5+ Kh7
22. Nc3 Nge7 23. Bg2 Ng6 24. Nd5 Rf7 25. Qc2 h5 26. e3 h4 27. f4 exf4 28. gxf4
g4 29. Be1 Nce7 30. e4 Nxd5 31. exd5 Bd4+ 32. Bf2 Qf6 33. Re1 g3 34. hxg3 hxg3
35. Be3 Qh4 36. Bxd4 cxd4 37. c5 bxc5 38. b6 Nxf4 39. Ra7 Rxa7 40. bxa7 Ra8 41.
Ra1 Qh2+ 42. Kf1 Qxg2+ 43. Qxg2 Nxg2 44. Kxg2 f4 45. Kf3 Kg6 46. Kxf4 g2 47.
Kf3 Kf5 48. Kxg2 Ke5 49. Kf3 Kxd5 50. Kf4 Kc6 51. Ra6+ Kb7 52. Rxd6 Rxa7 53.
Ke5 Kc7 54. Rh6 Ra3 55. Ke4 Rc3 56. Rg6 Kd7 57. Ra6 Kc7 58. Rh6 Kb7 59. Rg6 Rc1
60. Kd5 Ka7 61. Rc6 Rc3 62. Rxc5 Rxd3 63. Rc4 Rd1 64. Rxd4 1/2-1/2

[Event "FIDE Women World Blitz 2021"]
[Site "Warsaw"]
[Date "2021.12.30"]
[Round "16.24"]
[White "Efimenko, Maria"]
[Black "Maisuradze, Nino"]
[Result "1-0"]
[WhiteElo "2207"]
[BlackElo "2175"]
[Annotator "NA"]
[PlyCount "91"]
[EventDate "2021.12.29"]
[EventType "swiss"]
[EventCountry "POL"]
[Tiebreak "Cut1 Buchholz"]
[SourceTitle "playchess.com"]
[Source "ChessBase"]
[SourceQuality "1"]

1. e4 c5 2. c3 Nf6 3. e5 Nd5 4. d4 cxd4 5. cxd4 d6 6. Nf3 Nc6 7. Bc4 Nb6 8. Bb5
dxe5 9. Nxe5 Bd7 10. Nxd7 Qxd7 11. Be3 e6 12. O-O Be7 13. Nc3 O-O 14. Qg4 Nd5
15. Bh6 Bf6 16. Rad1 Nxc3 17. bxc3 Kh8 18. Bd3 Ne7 19. Qe4 Ng6 20. Be3 Qd5 21.
c4 Qxe4 22. Bxe4 Rab8 23. d5 Ne5 24. dxe6 fxe6 25. Bxa7 Ra8 26. Bc5 Rfe8 27. a3
Rac8 28. Bd6 b6 29. Rb1 Nxc4 30. Bb4 Bd4 31. Rb3 Red8 32. Rh3 h6 33. Rg3 Nd6
34. Bd3 Nf5 35. Rg6 Re8 36. Bb5 Red8 37. Rxe6 Bc5 38. Bxc5 Rxc5 39. Rxb6 Nd4
40. a4 Ne2+ 41. Bxe2 Rd4 42. Bb5 h5 43. h3 h4 44. Re1 Rg5 45. a5 Rb4 46. Rb8+
1-0

[Event "FIDE Women World Blitz 2021"]
[Site "Warsaw"]
[Date "2021.12.30"]
[Round "16.25"]
[White "Beydullayeva, Govhar"]
[Black "Michna, Marta"]
[Result "0-1"]
[WhiteElo "2278"]
[BlackElo "2312"]
[Annotator "NA"]
[PlyCount "68"]
[EventDate "2021.12.29"]
[EventType "swiss"]
[EventCountry "POL"]
[Tiebreak "Cut1 Buchholz"]
[SourceTitle "playchess.com"]
[Source "ChessBase"]
[SourceQuality "1"]

1. Nf3 Nf6 2. c4 d6 3. d4 Nbd7 4. Nc3 e5 5. e4 g6 6. g3 Bg7 7. Bg2 O-O 8. O-O
Re8 9. h3 c6 10. Be3 Qc7 11. Re1 a6 12. a4 a5 13. Qc2 Nb8 14. Rad1 Na6 15. b3
Nd7 16. d5 Ndc5 17. Nd2 Bd7 18. Qb1 Rad8 19. Kh2 Rf8 20. f4 exf4 21. Bxf4 Bxc3
22. dxc6 Bxc6 23. Qc2 Bg7 24. Nf1 Nb4 25. Qb1 Be5 26. Bg5 f6 27. Bh6 Rf7 28. h4
Re8 29. Bh3 Bd7 30. Bxd7 Qxd7 31. Ne3 Qc8 32. Rf1 Nxe4 33. Bf4 Bxf4 34. Rxf4
Nc3 0-1

[Event "FIDE Women World Blitz 2021"]
[Site "Warsaw"]
[Date "2021.12.30"]
[Round "16.26"]
[White "Zhukova, Natalia"]
[Black "Atalik, Ekaterina"]
[Result "0-1"]
[WhiteElo "2331"]
[BlackElo "2430"]
[Annotator "NA"]
[PlyCount "70"]
[EventDate "2021.12.29"]
[EventType "swiss"]
[EventCountry "POL"]
[Tiebreak "Cut1 Buchholz"]
[SourceTitle "playchess.com"]
[Source "ChessBase"]
[SourceQuality "1"]

1. c4 e6 2. Nc3 d5 3. d4 c6 4. e3 f5 5. Bd3 Nf6 6. Nge2 Bd6 7. f3 O-O 8. Qc2
Qe7 9. O-O Kh8 10. a3 dxc4 11. Bxc4 b5 12. Bd3 Na6 13. b4 Nc7 14. e4 fxe4 15.
Nxe4 Bb7 16. Nc5 Ncd5 17. Re1 Rae8 18. Ng3 Bxc5 19. dxc5 Bc8 20. Nf5 exf5 21.
Rxe7 Rxe7 22. Bb2 Rfe8 23. Qf2 f4 24. g3 fxg3 25. hxg3 Kg8 26. Bd4 Be6 27. Kg2
Bf7 28. Rh1 Bg6 29. Bf1 Re1 30. Kh3 R1e6 31. Rg1 Bf5+ 32. g4 Bg6 33. Kg3 Ne3
34. Bxe3 Rxe3 35. Bg2 Ne4+ 0-1

[Event "FIDE Women World Blitz 2021"]
[Site "Warsaw"]
[Date "2021.12.30"]
[Round "16.27"]
[White "Paramzina, Anastasya"]
[Black "Lach, Aleksandra"]
[Result "1-0"]
[WhiteElo "2260"]
[BlackElo "2204"]
[Annotator "NA"]
[PlyCount "47"]
[EventDate "2021.12.29"]
[EventType "swiss"]
[EventCountry "POL"]
[Tiebreak "Cut1 Buchholz"]
[SourceTitle "playchess.com"]
[Source "ChessBase"]
[SourceQuality "1"]

1. e4 c5 2. Nf3 g6 3. h4 h5 4. d4 cxd4 5. Qxd4 Nf6 6. e5 Nc6 7. Qf4 Ng4 8. Bc4
e6 9. Nc3 Bh6 10. Ng5 Bxg5 11. hxg5 Qa5 12. Bb5 O-O 13. O-O Qb4 14. Qg3 Ngxe5
15. a3 Qg4 16. Qe3 d6 17. Ne4 Kg7 18. Be2 Qf5 19. Nxd6 Qxc2 20. b4 Kh7 21. b5
Na5 22. Qxe5 f6 23. gxf6 Nb3 24. Bxh5 1-0

[Event "FIDE Women World Blitz 2021"]
[Site "Warsaw"]
[Date "2021.12.30"]
[Round "16.28"]
[White "Garcia Martin, Marta"]
[Black "Loskutova, Viktoriya"]
[Result "0-1"]
[WhiteElo "2194"]
[BlackElo "2195"]
[Annotator "NA"]
[PlyCount "122"]
[EventDate "2021.12.29"]
[EventType "swiss"]
[EventCountry "POL"]
[Tiebreak "Cut1 Buchholz"]
[SourceTitle "playchess.com"]
[Source "ChessBase"]
[SourceQuality "1"]

1. e4 c5 2. Nc3 a6 3. g3 b5 4. Bg2 Bb7 5. Nge2 Nf6 6. O-O d6 7. d4 cxd4 8. Nxd4
e6 9. Re1 Qc7 10. Bg5 Nbd7 11. a4 b4 12. Nd5 Nxd5 13. exd5 e5 14. Nc6 h6 15.
Be3 a5 16. Rc1 g6 17. c3 Bxc6 18. dxc6 Nf6 19. cxb4 axb4 20. Qb3 Rb8 21. f4 Be7
22. Rc4 d5 23. Rcc1 e4 24. Bd4 Rd8 25. Be5 Qb6+ 26. Kh1 O-O 27. h3 Nh5 28. Kh2
Bf6 29. c7 Rc8 30. Qxd5 Bxe5 31. Qxe5 Qf2 32. f5 Rfe8 33. Qd6 Qxf5 34. Rf1 Qg5
35. g4 Ng7 36. Qg3 Qe7 37. a5 Ne6 38. a6 Rxc7 39. Rxc7 Nxc7 40. a7 Nb5 41. Re1
Nxa7 42. Rxe4 Qd8 43. Rxb4 Qa5 44. Rb7 Nb5 45. Qf3 Nd6 46. Rb3 Qe5+ 47. Qg3 Qf6
48. Rf3 Qe6 49. Rf2 Ne4 50. Bxe4 Qxe4 51. b3 Qe6 52. Rf3 Rd8 53. Qg2 Qe5+ 54.
Qg3 Rd2+ 55. Kg1 Qd4+ 56. Kf1 Rd1+ 57. Kg2 Rd2+ 58. Rf2 Rd3 59. Qb8+ Kg7 60. b4
Qe4+ 61. Kf1 Rd1# 0-1

[Event "FIDE Women World Blitz 2021"]
[Site "Warsaw"]
[Date "2021.12.30"]
[Round "16.29"]
[White "Hryzlova, Sofiia"]
[Black "Badelka, Olga"]
[Result "1/2-1/2"]
[WhiteElo "2097"]
[BlackElo "2188"]
[Annotator "NA"]
[PlyCount "126"]
[EventDate "2021.12.29"]
[EventType "swiss"]
[EventCountry "POL"]
[Tiebreak "Cut1 Buchholz"]
[SourceTitle "playchess.com"]
[Source "ChessBase"]
[SourceQuality "1"]

1. d4 Nf6 2. c4 e6 3. Nc3 Bb4 4. e3 O-O 5. Bd2 c5 6. a3 Bxc3 7. Bxc3 b6 8. Nf3
Bb7 9. Be2 Ne4 10. Rc1 Nxc3 11. Rxc3 cxd4 12. exd4 d6 13. O-O Nd7 14. b4 Rc8
15. Qd2 Qe7 16. Rfc1 e5 17. d5 h6 18. Ne1 f5 19. a4 e4 20. Nc2 Ne5 21. Nd4 Rf6
22. Bf1 Re8 23. Re1 Bc8 24. c5 bxc5 25. bxc5 dxc5 26. Nb3 c4 27. Na5 Ba6 28.
Nxc4 Nxc4 29. Bxc4 Bxc4 30. Rxc4 Rd8 31. Rd4 Qc5 32. Rd1 Rfd6 33. Qa2 Kh7 34.
h3 Rg6 35. Qd2 Rdd6 36. Qf4 Rgf6 37. Qe5 Qc2 38. Qe7 Rg6 39. Qe5 a5 40. R4d2
Qxa4 41. Qxf5 Qc4 42. Qf7 a4 43. Qa7 Qb3 44. Rd4 Ra6 45. Qe7 a3 46. Qxe4 a2 47.
Ra1 Qb2 48. Rdd1 Raf6 49. Qe3 Rg5 50. d6 Rf8 51. d7 Rd8 52. Qd3+ Kh8 53. Qc4
Ra5 54. Qf7 Kh7 55. Qe8 Raa8 56. Qe4+ Kh8 57. Qxa8 Rxa8 58. d8=Q+ Rxd8 59.
Rxd8+ Kh7 60. Rdd1 Kg6 61. Rd6+ Kf7 62. Rd7+ Kf6 63. Rd6+ Ke5 1/2-1/2

[Event "FIDE Women World Blitz 2021"]
[Site "Warsaw"]
[Date "2021.12.30"]
[Round "16.30"]
[White "Mammadova, Gulnar"]
[Black "Serikbay, Assel"]
[Result "1-0"]
[WhiteElo "2395"]
[BlackElo "2237"]
[Annotator "NA"]
[PlyCount "79"]
[EventDate "2021.12.29"]
[EventType "swiss"]
[EventCountry "POL"]
[Tiebreak "Cut1 Buchholz"]
[SourceTitle "playchess.com"]
[Source "ChessBase"]
[SourceQuality "1"]

1. e4 c5 2. Nf3 e6 3. b3 Nf6 4. e5 Nd5 5. Bb2 Nc6 6. g3 Be7 7. Bg2 O-O 8. O-O
d6 9. exd6 Bxd6 10. d4 cxd4 11. Nxd4 Nce7 12. c4 Nf6 13. Nb5 Bc5 14. Qf3 Ng6
15. Rd1 Qe7 16. a3 a6 17. Nd4 e5 18. Nf5 Bxf5 19. Qxf5 Rad8 20. Nc3 Bd4 21.
Rab1 h5 22. b4 Ng4 23. Nd5 Qe6 24. Be4 Qxf5 25. Bxf5 Bxf2+ 26. Kg2 Ba7 27. Bxg4
hxg4 28. c5 Rfe8 29. Bc3 e4 30. Rb2 e3 31. Re2 Bb8 32. Rxe3 Rxe3 33. Nxe3 Re8
34. Nxg4 Re2+ 35. Kf3 Re8 36. Rd7 Ne7 37. Rxb7 Nd5 38. Bd4 Rd8 39. Ne3 Nc7 40.
Be5 1-0